| Tag |
First Indicator |
Second Indicator |
Subfields |
| LEADER |
00000cam a2200000 a 4500 |
| 001 |
in00000070495 |
| 005 |
20151008061757.0 |
| 008 |
790501s1979 miua b 00010 eng d |
| 010 |
|
|
|a 78070715
|
| 020 |
|
|
|a 0878121633 :
|c $12.95
|
| 035 |
|
|
|a (OCoLC)04914213
|
| 035 |
|
|
|9 AAJ8798AM
|
| 040 |
|
|
|a EXW
|c EXW
|d TXA
|d UtOrBLW
|
| 049 |
|
|
|a TXAM
|c [387164]
|
| 090 |
|
|
|a HM141
|b .L41
|
| 245 |
0 |
0 |
|a Leadership for community empowerment :
|b a source book /
|c [edited by] Donna M. Schmitt and Donald C. Weaver.
|
| 264 |
|
1 |
|a Midland, Mich. :
|b Pendell Publishing Co.,
|c 1979.
|
| 300 |
|
|
|a xvi, 257 pages :
|b illustrations ;
|c 24 cm.
|
| 336 |
|
|
|a text
|b txt
|2 rdacontent
|
| 337 |
|
|
|a unmediated
|b n
|2 rdamedia
|
| 338 |
|
|
|a volume
|b nc
|2 rdacarrier
|
| 504 |
|
|
|a Includes bibliographical references.
|
| 650 |
|
0 |
|a Community leadership.
|
| 700 |
1 |
|
|a Schmitt-Oliver, Donna M.,
|d 1942-
|
| 700 |
1 |
|
|a Weaver, Donald C.
|
| 999 |
|
|
|a MARS
|
| 999 |
f |
f |
|s a0df1f39-2528-37c5-ab68-81bc7b05a8c9
|i 650ea173-a058-3063-ac2a-dbf47a777fdf
|t 0
|
| 952 |
f |
f |
|p ric
|a Texas A&M University
|b Rellis Campus
|c Joint Library Facility
|d Remote Storage
|t 0
|e HM141 .L41
|h Library of Congress classification
|i unmediated -- volume
|m A14806139472
|
| 998 |
f |
f |
|a HM141 .L41
|t 0
|l Remote Storage
|